| 000 | 00775nam a22002297a 4500 | ||
|---|---|---|---|
| 003 | OSt | ||
| 005 | 20260416124147.0 | ||
| 008 | 260413b |||||||| |||| 00| 0 eng d | ||
| 037 | _cThesis | ||
| 040 |
_aFEDL _beng _cFEDL |
||
| 041 |
_aeng _heng |
||
| 082 | _a372.6 RAJ/TH | ||
| 100 |
_aRajora, Chaya _91234770 |
||
| 110 | _aUniversity of Delhi. Department of Education | ||
| 245 |
_aHome language and the teacher: _bA study of Awadhi- speaker children/ _cby Chaya Rajora; Supervised by Latika Gupta. |
||
| 260 |
_aUniversity of Delhi _c2025 |
||
| 300 | _a240p. | ||
| 650 |
_aLANGUAGE ARTS- COMMUNICATIONS SKILLS _91234771 |
||
| 700 |
_aGupta, Latika. Supervisor. _9818742 |
||
| 942 |
_2ddc _cTH _h372.6 RAJ/TH _n0 |
||
| 999 |
_c1848260 _d1848260 |
||